Zgadnij kraj po emoji-trudny (dla geomexa) - Statystyki

Ogólne statystyki
  • Ten quiz został rozwiązany 307 razy
  • Średni wynik to 5 z 12
Statystyki odpowiedzi
Emoji Kraj % Poprawnych
🥖🗼⚜️ Francja
99%
⚽💃👙 Brazylia
69%
🏝️🏙️👳🏾 Zjednoczone Emiraty Arabskie
55%
🏄‍♀🏜️🕷️ Australia
54%
🥝🧙🐑 Nowa Zelandia
53%
🎅🏽🧖🌲 Finlandia
50%
🏏🐯🛕 Indie
49%
💰🏎️🚢 Monako
35%
🔫🌾🥟 Ukraina
23%
🍍 🥥🤴🏽 Tajlandia
5%
🌋🐦⚽ Ekwador
3%
👨🏽‍💻🌲🪚 Łotwa
2%
Nie znaleziono quizów pasujących do podanych kryteriów
Rozkład punktacji
Procent ludzi z każdym wynikiem
Percentyl według liczby udzielonych odpowiedzi
Twoja historia wyników
Nie rozwiązałeś tego quizu